Universal Landmark Judgments 2025 (Record no. 213660)

MARC details
000 -LEADER
fixed length control field 00613nam a22001937a 4500
005 - DATE AND TIME OF LATEST TRANSACTION
control field 20251022115520.0
010 ## - LCCN (DPL NO)
LC control number ENG-146974
020 ## - INTERNATIONAL STANDARD BOOK NUMBER
International Standard Book Number 9789349015609
Terms of availability 750.00
035 ## - SYSTEM CONTROL NUMBER
System control number EN-130506
037 ## - SOURCE OF ACQUISITION
Source of stock number/acquisition DBAD/PUB
082 ## - DEWEY DECIMAL CLASSIFICATION NUMBER
Classification number 342.07
245 ## - TITLE STATEMENT
Title Universal Landmark Judgments 2025
250 ## - EDITION STATEMENT
Edition statement 1
260 ## - PUBLICATION, DISTRIBUTION, ETC. (IMPRINT)
Place of publication, distribution, etc Gurgaon
Name of publisher, distributor, etc Lexis Nexis
Date of publication, distribution, etc 2025
270 ## - ADDRESS
Address 14th Floor, Building No.10, Tower-B, DLF Cyber City, Phase-II
City Gurgaon
Postal code 122002
300 ## - PHYSICAL DESCRIPTION
Extent 525p.
Dimensions 24cm(pb)
500 ## - GENERAL NOTE
General note Including Prescribed Cases for Supreme Court Advocate on Record Examination
942 ## - ADDED ENTRY ELEMENTS (KOHA)
Source of classification or shelving scheme Dewey Decimal Classification
Item type English Books
Call number suffix UNI
Classification part 342.07
Holdings
Withdrawn status Lost status Not for loan Collection code Home library Current library Date acquired Source of acquisition Cost, normal purchase price Full call number Barcode Copy number Cost, replacement price Koha item type
      Non-fiction RC3 Aruna Nagar RC3 Aruna Nagar 22/10/2025 Delivery of Books Act Division 750.00 UNI 342.07 EN-130506 1 750.00 English Books

© Delhi Public Library
Hit Counter
free hit counter